Detalles MARC
| 000 -CABECERA |
| campo de control de longitud fija |
01348nam a2200337 a 4500 |
| 003 - IDENTIFICADOR DEL NÚMERO DE CONTROL |
| campo de control |
DO-SdBNP |
| 005 - FECHA Y HORA DE LA ÚLTIMA TRANSACCIÓN |
| campo de control |
20250213183357.0 |
| 007 - CAMPO FIJO DE DESCRIPCIÓN FÍSICA--INFORMACIÓN GENERAL |
| campo de control de longitud fija |
ta |
| 008 - DATOS DE LONGITUD FIJA--INFORMACIÓN GENERAL |
| campo de control de longitud fija |
211021e2019 dr ac||er|||| 001 fdspa d |
| 020 ## - NÚMERO INTERNACIONAL ESTÁNDAR DEL LIBRO |
| Número Internacional Estándar del Libro |
9789945503562 |
| 040 ## - FUENTE DE LA CATALOGACIÓN |
| Centro catalogador/agencia de origen |
DO-SdBNP |
| Lengua de catalogación |
spa |
| Centro/agencia transcriptor |
BNPHU |
| 082 #4 - NÚMERO DE LA CLASIFICACIÓN DECIMAL DEWEY |
| Número de edición |
22 |
| Número de clasificación |
RD863.42 |
| Número de documento/Ítem |
M358o 2019 |
| 100 1# - ENTRADA PRINCIPAL--NOMBRE DE PERSONA |
| Nombre de persona |
Marrero Aristy, Ramón, |
| Fechas asociadas al nombre |
1913-1959 |
| 9 (RLIN) |
22324 |
| 245 10 - MENCIÓN DE TÍTULO |
| Título |
Over / |
| Mención de responsabilidad, etc. |
Ramón Marrero Aristy ; prólogo José Henríquez García ; edición María del Carmen Vicente y Clara Dobarro. |
| 260 ## - PUBLICACIÓN, DISTRIBUCIÓN, ETC. |
| Lugar de publicación, distribución, etc. |
Santo Domingo : |
| Nombre del editor, distribuidor, etc. |
Ministerio de Cultura, |
| Fecha de publicación, distribución, etc. |
2019. |
| 300 ## - DESCRIPCIÓN FÍSICA |
| Extensión |
xix, 219 p. : |
| Otras características físicas |
il., retrs. ; |
| Dimensiones |
19 cm. |
| 490 1# - MENCIÓN DE SERIE |
| Mención de serie |
Biblioteca dominicana básica: |
| -- |
Narrativa |
| Designación de volumen o secuencia |
19 |
| 500 ## - NOTA GENERAL |
| Nota general |
Incluye biografía del autor en la solapa de la cubierta. |
| 504 ## - NOTA DE BIBLIOGRAFÍA, ETC. |
| Nota de bibliografía, etc. |
Bibliogafía : p. XVII - XIX |
| 590 ## - NOTA LOCAL (RLIN) |
| Nota local |
Inventariado 2021 / MF |
| 600 10 - PUNTO DE ACCESO ADICIONAL DE MATERIA--NOMBRE DE PERSONA |
| Nombre de persona |
Marrero Aristy, Ramón, |
| Fechas asociadas al nombre |
1913-1959 |
| Forma completa/desarrollada del nombre |
Crítica e Interpretación |
| 9 (RLIN) |
22324 |
| 650 #0 - PUNTO DE ACCESO ADICIONAL DE MATERIA--TÉRMINO DE MATERIA |
| Término de materia o nombre geográfico como elemento de entrada |
Novela dominicana |
| 9 (RLIN) |
223 |
| 650 #0 - PUNTO DE ACCESO ADICIONAL DE MATERIA--TÉRMINO DE MATERIA |
| Término de materia o nombre geográfico como elemento de entrada |
Literatura dominicana. |
| 9 (RLIN) |
80301 |
| 700 1# - PUNTO DE ACCESO ADICIONAL--NOMBRE DE PERSONA |
| Nombre de persona |
Henríquez García, José, |
| Término indicativo de función/relación |
prólogo |
| 9 (RLIN) |
80302 |
| 700 1# - PUNTO DE ACCESO ADICIONAL--NOMBRE DE PERSONA |
| 9 (RLIN) |
57201 |
| Nombre de persona |
Vicente, María del Carmen, |
| Término indicativo de función/relación |
editora |
| 700 1# - PUNTO DE ACCESO ADICIONAL--NOMBRE DE PERSONA |
| 9 (RLIN) |
8295 |
| Nombre de persona |
Dobarro Lamas, Clara, |
| Término indicativo de función/relación |
editora |
| 710 ## - PUNTO DE ACCESO ADICIONAL--NOMBRE DE ENTIDAD CORPORATIVA |
| Nombre de entidad corporativa o nombre de jurisdicción como elemento de entrada |
Editora Nacional (República Dominicana) |
| 9 (RLIN) |
63981 |
| 830 #4 - PUNTO DE ACCESO ADICIONAL DE SERIE-TÍTULO UNIFORME |
| Título uniforme |
Clásicos dominicanos |
| Nombre de parte o sección de la obra |
Narrativa |
| Lenguaje de la obra |
spa |
| Número de parte o sección de la obra |
19 |
| 9 (RLIN) |
80303 |
| 910 ## - DATOS DE OPCIÓN DEL USUARIO (OCLC) |
| Datos de opción del usuario |
Validado, 2021/MFF |
| 942 ## - ELEMENTOS DE PUNTO DE ACCESO ADICIONAL (KOHA) |
| Fuente del sistema de clasificación o colocación |
Dewey Decimal Classification |
| Tipo de ítem Koha |
Libro |